Topografía aplicada para ingenieros / (Registro nro. 3651)
[ vista simple ]
| 000 -LEADER | |
|---|---|
| fixed length control field | 01571nam a22002897a 4500 |
| 003 - CONTROL NUMBER IDENTIFIER | |
| control field | PE SENCICO BE |
| 005 - DATE AND TIME OF LATEST TRANSACTION | |
| control field | 20251020182621.0 |
| 008 - FIXED-LENGTH DATA ELEMENTS--GENERAL INFORMATION | |
| fixed length control field | 221128b2014 |||a|||| |||| 00| 0 eng d |
| 020 ## - INTERNATIONAL STANDARD BOOK NUMBER | |
| International Standard Book Number | 978-958-8897-01-1 |
| 040 ## - CATALOGING SOURCE | |
| Original cataloging agency | PE SENCICO BE |
| Transcribing agency | PE SENCICO BE |
| 041 ## - LANGUAGE CODE | |
| Language code of text/sound track or separate title | spa |
| 080 ## - UNIVERSAL DECIMAL CLASSIFICATION NUMBER | |
| Universal Decimal Classification number | 526.9 |
| Item number | T |
| 245 1# - TITLE STATEMENT | |
| Title | Topografía aplicada para ingenieros / |
| Statement of responsibility, etc. | Clara Judyth Botía Flechas, Rubby Stella Pardo Pinzón, Mariam Rivas Diazgranados ...[y otros] |
| 260 ## - PUBLICATION, DISTRIBUTION, ETC. | |
| Place of publication, distribution, etc. | Bogotá : |
| Name of publisher, distributor, etc. | Universidad distrital Francisco José de Caldas, |
| Date of publication, distribution, etc. | 2014 |
| 300 ## - PHYSICAL DESCRIPTION | |
| Extent | 294 p.: |
| Other physical details | diagrs, tabls., |
| Dimensions | 24 cm. |
| 505 0# - FORMATTED CONTENTS NOTE | |
| Formatted contents note | Concepto básico de topografía -- Funciones del profesional en topografía -- Mediciones en topografía -- Medición con cinta y materialización de puntos -- Levantamiento con cintas -- Determinación con cintas -- Levantamiento por radiación -- Métodos para la realización de poligonales -- Levantamiento de poligonal cerrada -- Nivelación geométrica -- Dibujo topográfico |
| 520 3# - SUMMARY, ETC. | |
| Summary, etc. | Reúne los conceptos teóricos y prácticos de topografía, la descripción y el desarrollo de los métodos para la ejecución de levantamientos topográficos y sus aplicaciones y especificaciones. |
| 650 10 - SUBJECT ADDED ENTRY--TOPICAL TERM | |
| Topical term or geographic name entry element | Topografía |
| 9 (RLIN) | 4 |
| 650 20 - SUBJECT ADDED ENTRY--TOPICAL TERM | |
| Topical term or geographic name entry element | Levantamiento topográfico |
| 9 (RLIN) | 116 |
| 650 20 - SUBJECT ADDED ENTRY--TOPICAL TERM | |
| Topical term or geographic name entry element | Geodesia |
| 9 (RLIN) | 2 |
| 700 1# - ADDED ENTRY--PERSONAL NAME | |
| 9 (RLIN) | 129 |
| Personal name | Botía Flechas, Clara Judyth |
| Relator term | autor |
| 700 1# - ADDED ENTRY--PERSONAL NAME | |
| 9 (RLIN) | 130 |
| Personal name | Pardo Pinzón, Rubby Stella |
| Relator term | autor |
| 700 1# - ADDED ENTRY--PERSONAL NAME | |
| 9 (RLIN) | 131 |
| Personal name | Rivas Diazgranados, Mariam |
| Relator term | autor |
| 910 ## - USER-OPTION DATA (OCLC) | |
| User-option data | hfp |
| -- | hfp |
| -- | hfp |
| 942 ## - ADDED ENTRY ELEMENTS (KOHA) | |
| Source of classification or shelving scheme | Dewey Decimal Classification |
| Koha item type | Libros |
| Classification part | 526.9 |
| Item part | T |
| Fecha de la última vez que lo usaron | Número de ingreso o de inventario | Pago total | Signatura topográfica completa | Código de barras | Precio efectivo desde | Tipo de documento | Estado perdido | Sistema de clasificación | Estado dañado | No es para préstamo | Retirado | Ubicación permanente | Ubicación actual | Fecha de adquisición |
|---|---|---|---|---|---|---|---|---|---|---|---|---|---|---|
| 28/11/2022 | 16547 | 526.9/T | BibLima25070050 | 28/11/2022 | Libros | Dewey Decimal Classification | Biblioteca Central Lima | Biblioteca Central Lima | 28/11/2022 |